000 00474nam a2200181 i 4500
001 52139
003 ES-MaACL
007 t|
008 030826s1960 sp ||||1| spa d
100 1 _aChristensen, Synnove.
_938650
245 1 3 _aLa familia Lindeman /
_cSynnove Christensen.
260 _aBarcelona :
_bCaralt,
_c[1960]
300 _a415 p. ;
_c24 cm.
490 1 _aGigante
830 0 _aGigante
_9181050
852 _aES-MaACL
_jE-2477
_bR.47125
999 _c52139
_d52139